[Event "Hanoi op"]
[Site "Hanoi"]
[Date "2022.08.29"]
[Round "9"]
[White "Doan, Van Duc"]
[Black "Doan, Phan Khiem"]
[Result "1/2-1/2"]
[WhiteElo "2080"]
[BlackElo "1606"]
[PlyCount "90"]
[EventDate "2022.08.20"]
[EventType "swiss"]
[EventRounds "9"]
[EventCountry "VIE"]
[SourceTitle "CBM 209 Extra"]
[Source "ChessBase"]
[SourceDate "2022.09.30"]
[SourceVersion "1"]
[SourceVersionDate "2022.09.30"]
[SourceQuality "1"]

1. Nf3 Nf6 2. c4 g6 3. g3 Bg7 4. Bg2 d6 5. d4 Nbd7 6. 0-0 0-0 7. Nc3 c6 8. e4 e5 9. Re1 Qc7 10. h3 a5 11. b3 exd4 12. Nxd4 Nc5 13. Be3 Re8 14. Qc2 Ne6 15. Rad1 Nxd4 16. Bxd4 Be6 17. Qd2 Red8 18. Na4 Ra6 19. g4 b5 20. cxb5 cxb5 21. Nc3 b4 22. Nd5 Bxd5 23. exd5 Nd7 24. Bxg7 Kxg7 25. Re7 Qc3 26. Qxc3+ bxc3 27. Rc1 Kf6 28. Re3 Rc8 29. Rexc3 Rxc3 30. Rxc3 Nc5 31. Rf3+ Ke7 32. Re3+ Kf6 33. Rf3+ Ke7 34. Bf1 Rb6 35. Bc4 a4 36. Kf1 axb3 37. axb3 Rb7 38. Ke2 Ra7 39. b4 Nd7 40. Kd2 Ne5 41. Re3 g5 42. Kc3 Ra1 43. Bb3 Kd8 44. Kd4 Rf1 45. Re2 Rb1 1/2-1/2

[Event "Hanoi op"]
[Site "Hanoi"]
[Date "2022.08.27"]
[Round "7"]
[White "Dang, Anh Minh"]
[Black "Doan, Phan Khiem"]
[Result "0-1"]
[WhiteElo "2144"]
[BlackElo "1606"]
[PlyCount "88"]
[EventDate "2022.08.20"]
[EventType "swiss"]
[EventRounds "9"]
[EventCountry "VIE"]
[SourceTitle "CBM 209 Extra"]
[Source "ChessBase"]
[SourceDate "2022.09.30"]
[SourceVersion "1"]
[SourceVersionDate "2022.09.30"]
[SourceQuality "1"]

1. d4 Nf6 2. c4 g6 3. Nc3 c5 4. d5 d6 5. e4 Bg7 6. Bd3 0-0 7. Nge2 e6 8. h3 exd5 9. exd5 a6 10. a4 b6 11. 0-0 Nbd7 12. b3 Ne8 13. Bb2 Ne5 14. Bc2 f5 15. Nf4 Nc7 16. Nd3 Bd7 17. Qd2 Rb8 18. Nxe5 Bxe5 19. Bd3 Qf6 20. Ra2 Rfe8 21. Ba1 Re7 22. Ne2 Bxa1 23. Rfxa1 Rbe8 24. Rb1 a5 25. Nc3 Na6 26. Bf1 Nb4 27. Raa1 f4 28. Na2 Bf5 29. Rd1 Nc2 30. Rac1 Nd4 31. Qxf4 Nxb3 32. Rc3 Re1 33. Rxe1 Rxe1 34. Rxb3 Rxf1+ 35. Kh2 Qd4 36. Qxd6 Rxf2 37. Qd8+ Kg7 38. Qe7+ Kh6 39. Rg3 Qf4 40. Nc3 Bd3 41. Nd1 Rxg2+ 42. Kxg2 Be4+ 43. Kh2 Qd2+ 44. Kg1 Qe1+ 0-1

[Event "VIE-ch U11"]
[Site "Hai Phong"]
[Date "2018.07.11"]
[Round "7"]
[White "Doan, Phan Khiem"]
[Black "Hoang, Minh Hieu"]
[Result "0-1"]
[WhiteElo "1910"]
[BlackElo "1912"]
[PlyCount "92"]
[EventDate "2018.07.07"]
[EventType "swiss"]
[EventRounds "9"]
[EventCountry "VIE"]
[SourceTitle "EXT 2019"]
[Source "ChessBase"]
[SourceDate "2018.10.10"]
[SourceVersion "1"]
[SourceVersionDate "2018.10.10"]
[SourceQuality "1"]

1. e4 e6 2. d4 d5 3. Nc3 dxe4 4. Nxe4 Bd7 5. Nf3 Bc6 6. Bd3 Nd7 7. 0-0 Ngf6 8. Ng3 Be7 9. Re1 Bxf3 10. Qxf3 c6 11. c4 0-0 12. b3 Re8 13. Bb2 Bf8 14. Rad1 g6 15. Ne4 Nxe4 16. Bxe4 Bg7 17. Bb1 Qf6 18. Qg3 Nb6 19. Re2 Qe7 20. h4 Rad8 21. h5 Rd7 22. hxg6 hxg6 23. Rde1 Nc8 24. Bxg6 fxg6 25. Qxg6 Qf7 26. Qg4 Rf8 27. f3 Qf5 28. Qg3 Qf4 29. Qg6 Re7 30. Re4 Rf6 31. Qg4 Qxg4 32. Rxg4 Rff7 33. Rg6 Kf8 34. Ba3 Bxd4+ 35. Kf1 c5 36. Bc1 e5 37. Re4 Rh7 38. Ke2 Ke8 39. Reg4 Kd7 40. Rg8 Nd6 41. Ra8 a6 42. Rgg8 Re8 43. Bg5 Rxa8 44. Rxa8 Rg7 45. f4 exf4 46. Bxf4 Rxg2+ 0-1

[Event "VIE-ch U11"]
[Site "Hai Phong"]
[Date "2018.07.09"]
[Round "5"]
[White "Dang, Anh Minh"]
[Black "Doan, Phan Khiem"]
[Result "1/2-1/2"]
[WhiteElo "1911"]
[BlackElo "1910"]
[PlyCount "154"]
[EventDate "2018.07.07"]
[EventType "swiss"]
[EventRounds "9"]
[EventCountry "VIE"]
[SourceTitle "EXT 2019"]
[Source "ChessBase"]
[SourceDate "2018.10.10"]
[SourceVersion "1"]
[SourceVersionDate "2018.10.10"]
[SourceQuality "1"]

1. d4 Nf6 2. c4 g6 3. g3 Bg7 4. Bg2 0-0 5. Nc3 d6 6. Nf3 Nc6 7. 0-0 a6 8. d5 Na5 9. Nd2 c5 10. Qc2 Rb8 11. b3 b5 12. Bb2 bxc4 13. bxc4 Ng4 14. Rab1 Bh6 15. e3 Bg7 16. Ba1 Bf5 17. e4 Bd7 18. h3 Nf6 19. Ne2 Qc7 20. Nf4 Rxb1 21. Rxb1 Rb8 22. Re1 Ne8 23. Bxg7 Nxg7 24. Nd3 e5 25. f4 f6 26. fxe5 fxe5 27. Rf1 Rf8 28. Rxf8+ Kxf8 29. Qb1 Kg8 30. Qf1 Qd8 31. Qf2 Qf8 32. Qxf8+ Kxf8 33. Kf2 Ke7 34. Ne1 Ne8 35. Ke3 Nf6 36. g4 Ba4 37. Bf3 Nd7 38. g5 Nb6 39. Be2 Bd7 40. h4 Kf7 41. Kd3 Kg7 42. Kc3 Na4+ 43. Kc2 Nb6 44. Ng2 Ba4+ 45. Kc3 Bd7 46. Ne3 Kf7 47. Bg4 Na4+ 48. Kc2 Bxg4 49. Nxg4 Nb6 50. Kd3 Na4 51. Kc2 Nb6 52. Ne3 Ke7 53. Kd3 Na4 54. Nb3 Nb2+ 55. Kc3 Na4+ 56. Kc2 Nxb3 57. axb3 Nb6 58. Kb2 Kf7 59. Ka3 Ke7 60. Nd1 Kd7 61. Nf2 Ke7 62. Nd3 Kd7 63. Kb2 Ke7 64. Kc3 a5 65. Nb2 Kd7 66. Kd3 Kc7 67. Nd1 a4 68. bxa4 Nxa4 69. Kc2 Nb6 70. Kb3 Kd7 71. Nc3 Ke7 72. Nb5 Kd7 73. Na7 Kc7 74. Nc6 Kd7 75. Kc3 Na4+ 76. Kc2 Nb6 77. Kb3 Ke8 1/2-1/2

[Event "VIE-ch U11"]
[Site "Hai Phong"]
[Date "2018.07.07"]
[Round "2"]
[White "Doan, Phan Khiem"]
[Black "Le, Minh Tuan Anh"]
[Result "1-0"]
[WhiteElo "1910"]
[BlackElo "1895"]
[PlyCount "137"]
[EventDate "2018.07.07"]
[EventType "swiss"]
[EventRounds "9"]
[EventCountry "VIE"]
[SourceTitle "EXT 2019"]
[Source "ChessBase"]
[SourceDate "2018.10.10"]
[SourceVersion "1"]
[SourceVersionDate "2018.10.10"]
[SourceQuality "1"]

1. e4 d5 2. exd5 Qxd5 3. Nc3 Qa5 4. g3 c6 5. Bg2 Bf5 6. d3 Nf6 7. Nge2 e6 8. 0-0 Be7 9. a3 0-0 10. Rb1 Nbd7 11. b4 Qc7 12. b5 Nd5 13. bxc6 bxc6 14. Re1 Rab8 15. Nxd5 cxd5 16. Rxb8 Nxb8 17. Nd4 Bg6 18. Bb2 Nc6 19. Nxc6 Qxc6 20. c4 Bf6 21. Bxf6 gxf6 22. Qf3 Kg7 23. cxd5 exd5 24. Qxd5 Qxd5 25. Bxd5 Bxd3 26. Re7 a6 27. Ra7 Be2 28. Kg2 Bb5 29. h4 Rd8 30. Bxf7 Rd7 31. Rxd7 Bxd7 32. Bc4 a5 33. Kf3 Kg6 34. Kf4 Ba4 35. Bd3+ Kg7 36. Bf5 Bd1 37. Ke3 h6 38. Kd4 Kf7 39. Kc5 Ke7 40. Kb6 a4 41. Kc5 Bb3 42. Bd3 Ke6 43. Kb4 Ke5 44. Kc3 Kd5 45. Bh7 Kc5 46. Be4 Bd1 47. f4 Bg4 48. Bc2 Bd7 49. Bd1 f5 50. Bf3 Be6 51. Bb7 Bd7 52. Ba6 Be6 53. Bd3 Bc8 54. Bb1 Be6 55. Bd3 Bc8 56. Bc4 Bd7 57. Bf7 Kd6 58. Kb4 Bc8 59. Kc4 Ba6+ 60. Kd4 Bb5 61. Bc4 Bd7 62. Bd3 Be6 63. Bb5 Bb3 64. Bc4 Bc2 65. Bf7 Bd1 66. Bg6 Bc2 67. g4 Ke6 68. h5 Kf6 69. Bxf5 1-0

[Event "VIE-chT"]
[Site "Ho Chi Minh City"]
[Date "2017.07.27"]
[Round "6.25"]
[White "Pham, Minh Hieu"]
[Black "Doan, Phan Khiem"]
[Result "1-0"]
[WhiteElo "2026"]
[BlackElo "1464"]
[PlyCount "87"]
[EventDate "2017.07.24"]
[EventType "team-swiss"]
[EventRounds "9"]
[EventCountry "VIE"]
[SourceTitle "EXT 2019"]
[Source "ChessBase"]
[SourceDate "2018.10.10"]
[SourceVersion "1"]
[SourceVersionDate "2018.10.10"]
[SourceQuality "1"]

1. e4 c5 2. Nc3 d6 3. g3 Nc6 4. Bg2 g6 5. d3 Bg7 6. Be3 e6 7. Qd2 Nd4 8. Nd1 Ne7 9. c3 Ndc6 10. Bh6 0-0 11. h4 f6 12. Bxg7 Kxg7 13. Ne3 e5 14. h5 Rh8 15. Ne2 Be6 16. Nd5 Rc8 17. 0-0-0 Ng8 18. Kb1 b5 19. f4 Nce7 20. d4 Nxd5 21. exd5 Bf5+ 22. Ka1 cxd4 23. cxd4 Rc2 24. Qe3 exd4 25. Qf3 Qc8 26. Nxd4 Bg4 27. Ne6+ Bxe6 28. dxe6 Ne7 29. h6+ Kf8 30. Rhe1 Nf5 31. Bh3 Qc6 32. Qd3 Ke7 33. Bxf5 gxf5 34. Qxf5 Rh2 35. Qg4 Kd8 36. e7+ Kc7 37. Rc1 Rc2 38. Kb1 Rc4 39. Qg7 Re8 40. Qxh7 Kb6 41. Rxc4 Qxc4 42. Qf5 Qf7 43. Qd7 d5 44. Re6+ 1-0

[Event "VIE-chT"]
[Site "Ho Chi Minh City"]
[Date "2017.07.26"]
[Round "4.38"]
[White "Le, Phi Long"]
[Black "Doan, Phan Khiem"]
[Result "0-1"]
[WhiteElo "2013"]
[BlackElo "1464"]
[PlyCount "48"]
[EventDate "2017.07.24"]
[EventType "team-swiss"]
[EventRounds "9"]
[EventCountry "VIE"]
[SourceTitle "EXT 2019"]
[Source "ChessBase"]
[SourceDate "2018.10.10"]
[SourceVersion "1"]
[SourceVersionDate "2018.10.10"]
[SourceQuality "1"]

1. d4 Nf6 2. c4 g6 3. Nc3 Bg7 4. e4 d6 5. Be2 0-0 6. Bg5 c5 7. d5 h6 8. Be3 e6 9. dxe6 Bxe6 10. Qd2 Kh7 11. Rd1 Qb6 12. b3 Na6 13. Qxd6 Qxd6 14. Rxd6 Ne8 15. Rd3 Nb4 16. Rd2 Bxc3 17. Bxc5 Nf6 18. Bxf8 Rxf8 19. Kd1 Nxe4 20. Bd3 Nxd2 21. Ne2 Nxd3 22. Rg1 Nxf2+ 23. Kc2 Ba5 24. a3 Bf5+ 0-1

[Event "VIE-ch U07"]
[Site "Ho Chi Minh City"]
[Date "2014.07.17"]
[Round "7"]
[White "Nguyen, Thong Dat"]
[Black "Doan, Phan Khiem"]
[Result "1/2-1/2"]
[WhiteElo "1410"]
[BlackElo "1399"]
[PlyCount "95"]
[EventDate "2014.07.13"]
[EventType "swiss"]
[EventRounds "9"]
[EventCountry "VIE"]
[SourceTitle "EXT 2016"]
[Source "ChessBase"]
[SourceDate "2015.10.08"]
[SourceVersion "1"]
[SourceVersionDate "2015.10.08"]
[SourceQuality "1"]

1. d4 Nf6 2. c4 e6 3. c5 Nc6 4. e3 Be7 5. g3 d5 6. Bg2 0-0 7. Nf3 b6 8. cxb6 cxb6 9. 0-0 Rb8 10. Bd2 Bb7 11. Nc3 Bd6 12. Rc1 Nb4 13. a3 Nc6 14. Re1 Bc7 15. b4 Bd6 16. Qc2 Rc8 17. Qb1 e5 18. dxe5 Nxe5 19. Nxe5 Bxe5 20. Nb5 a6 21. Rxc8 Qxc8 22. Nd4 Bxd4 23. exd4 Re8 24. Rc1 Qd7 25. Bf4 Rc8 26. Rxc8+ Qxc8 27. Qd3 h6 28. Be3 Kf8 29. Kf1 a5 30. Qb3 Ke7 31. Ke2 Kd8 32. bxa5 bxa5 33. Bf4 Qe6+ 34. Be3 Ba6+ 35. Kd2 g5 36. Qb8+ Bc8 37. Qa7 Ba6 38. Qa8+ Ke7 39. Qa7+ Nd7 40. Bf3 f6 41. Be2 Bxe2 42. Kxe2 Qb6 43. Qxb6 Nxb6 44. Kd3 Nc4 45. Bc1 Kd6 46. Kc3 Kc6 47. Kb3 Kb5 48. a4+ 1/2-1/2

[Event "VIE-ch U07"]
[Site "Ho Chi Minh City"]
[Date "2014.07.15"]
[Round "4"]
[White "Tong, Hai Anh"]
[Black "Doan, Phan Khiem"]
[Result "1/2-1/2"]
[WhiteElo "1414"]
[BlackElo "1399"]
[PlyCount "109"]
[EventDate "2014.07.13"]
[EventType "swiss"]
[EventRounds "9"]
[EventCountry "VIE"]
[SourceTitle "EXT 2016"]
[Source "ChessBase"]
[SourceDate "2015.10.08"]
[SourceVersion "1"]
[SourceVersionDate "2015.10.08"]
[SourceQuality "1"]

1. d4 Nf6 2. c4 g6 3. Nc3 Bg7 4. e4 d6 5. Nf3 0-0 6. Bd3 Nbd7 7. 0-0 e5 8. d5 a5 9. Bg5 h6 10. Bh4 Nc5 11. Bc2 Bd7 12. Qe2 a4 13. a3 Qe7 14. h3 Rfe8 15. Qe3 Qd8 16. Na2 Kh7 17. Nb4 Qc8 18. Bxf6 Bxf6 19. Nd3 Nxd3 20. Bxd3 b6 21. Nh2 Rf8 22. Nf3 Bg7 23. Qd2 Qd8 24. Qc2 f5 25. exf5 Bxf5 26. Bxf5 Rxf5 27. Ne1 Qd7 28. Nd3 c6 29. Nb4 cxd5 30. Nxd5 Qb7 31. Qc3 Bf8 32. Qb4 b5 33. Qxb5 Qxb5 34. cxb5 e4 35. Nc3 d5 36. Rad1 Bg7 37. Rd2 Ra5 38. b6 Bxc3 39. bxc3 Rb5 40. Rfd1 Rxb6 41. Rxd5 Rxd5 42. Rxd5 Rb3 43. Rd4 Rxa3 44. Rxe4 Rxc3 45. Rxa4 Rc7 46. Ra3 Kg7 47. g3 g5 48. f4 Rf7 49. Rf3 Rf5 50. Kg2 Kg6 51. Kf2 h5 52. fxg5 Rxg5 53. Rf4 Kh6 54. g4 hxg4 55. hxg4 1/2-1/2